Hybrid Culture: Japanese Media Arts In Dialogue With The West (Record no. 295777)
[ view plain ]
| 000 -LEADER | |
|---|---|
| fixed length control field | 00413nam a2200121Ia 4500 |
| 008 - FIXED-LENGTH DATA ELEMENTS--GENERAL INFORMATION | |
| fixed length control field | 160609s9999 xx 000 0 und d |
| 100 ## - MAIN ENTRY--PERSONAL NAME | |
| Personal name | Welle, Anja. |
| 245 ## - TITLE STATEMENT | |
| Title | Hybrid Culture: Japanese Media Arts In Dialogue With The West |
| 245 ## - TITLE STATEMENT | |
| Statement of responsibility, etc | By:Anja Welle, Yvonne Spielmann |
| 260 ## - PUBLICATION, DISTRIBUTION, ETC. (IMPRINT) | |
| Date of publication, distribution, etc | 2012 |
| 650 ## - SUBJECT ADDED ENTRY--TOPICAL TERM | |
| General subdivision | INTRODUCTION TO MULTIMEDIA ARTS |
| 856 ## - ELECTRONIC LOCATION AND ACCESS | |
| Uniform Resource Identifier | <a href="http://file.ebook777.com/006/HybCulJapMedArtInDiaWitTheWes.pdf">http://file.ebook777.com/006/HybCulJapMedArtInDiaWitTheWes.pdf</a> |
| Withdrawn status | Lost status | Damaged status | Home library | Current library | Date acquired | Total Checkouts | Date last seen | Price effective from | Koha item type |
|---|---|---|---|---|---|---|---|---|---|
| College Library | College Library | 06/09/2016 | 06/09/2016 | 06/09/2016 | Curriculum - Based eBooks |